000
00270nam a2200109Ia 4500
008
220204s9999 xx 000 0 und d
082
_a
82-3
_b
WOD
100
_a
Wodehouse, P G
245
0
_a
Blandings castle and elsewhere
260
_a
England
_b
Penguin
_c
1982
942
_c
BK
999
_c
38546
_d
38546